Fixed point theory and applications /
Tallennettuna:
| Päätekijä: | |
|---|---|
| Muut tekijät: | , |
| Aineistotyyppi: | Sách giấy |
| Julkaistu: |
Cambridge, UK ; New York, N.Y., USA :
Cambridge University Press,
2001
|
| Sarja: | Cambridge tracts in mathematics ;
141 |
| Aiheet: | |
| Linkit: | Table of Contents Sample text Publisher description |
| Tagit: |
Lisää tagi
Ei tageja, Lisää ensimmäinen tagi!
|
| Thư viện lưu trữ: | Thư viện Trường Đại học Đà Lạt |
|---|
| LEADER | 01442nam a2200433 4500 | ||
|---|---|---|---|
| 001 | DLU050048010 | ||
| 005 | ##20050629 | ||
| 008 | ##010718s2001 enk b 001 0 eng c | ||
| 010 | # | # | |a 2001269890 |
| 015 | # | # | |a GBA1-17601 |
| 020 | # | # | |a 0521802504 (hbk.) |
| 035 | # | # | |a (OCoLC)ocm46783051 |
| 040 | # | # | |a EYM |c EYM |d TJC |d UKM |d DLC |
| 042 | # | # | |a pcc |
| 050 | # | # | |a QA329.9 |b .A35 2001 |
| 082 | # | # | |a 515.724 |b AG-R |
| 100 | # | # | |a Agarwal, Ravi P. |
| 245 | # | # | |a Fixed point theory and applications / |c Ravi P. Agarwal, Maria Meehan, Donal O'Regan |
| 260 | # | # | |a Cambridge, UK ; |a New York, N.Y., USA : |b Cambridge University Press, |c 2001 |
| 300 | # | # | |a x, 170 p. ; |c 24 cm. |
| 440 | # | # | |a Cambridge tracts in mathematics ; |v 141 |
| 504 | # | # | |a Includes bibliographical references (p. 159-167) and index. |
| 650 | # | # | |a Fixed point theory. |
| 650 | # | # | |a Mappings (Mathematics) |
| 700 | # | # | |a Meehan, Maria. |
| 700 | # | # | |a O'Regan, Donal. |
| 856 | # | # | |3 Table of Contents |u http://www.loc.gov/catdir/toc/cam027/2001269890.html |
| 856 | # | # | |3 Sample text |u http://www.loc.gov/catdir/samples/cam033/2001269890.html |
| 856 | # | # | |3 Publisher description |u http://www.loc.gov/catdir/description/cam022/2001269890.html |
| 923 | # | # | |a 21/2005 |
| 992 | # | # | |a 9000 |
| 994 | # | # | |a DLU |
| 900 | # | # | |a True |
| 911 | # | # | |a Nguyễn Thị Tố Hạnh |
| 925 | # | # | |a G |
| 926 | # | # | |a A |
| 927 | # | # | |a SH |
| 980 | # | # | |a Thư viện Trường Đại học Đà Lạt |


